000 00192 a2200097 4500
001 8239
100 _aIsherwoo
245 _aAll the conspirators
260 _a
_bCape
_c
090 _c6623
_d6623
942 _aNUST-CAE
_cM
_c33182
999 _c243312
_d243312